Memorias de la Real Academia de Ciencias Morales y Políticas (Record no. 172584)
[ view plain ]
| 000 -LEADER | |
|---|---|
| campo de control de longitud fija | 03509nas a2200325 i 4500 |
| 001 - NÚMERO DE CONTROL | |
| campo de control | 172584 |
| 003 - IDENTIFICADOR DE NÚMERO DE CONTROL | |
| campo de control | ES-MaACL |
| 005 - FECHA Y HORA DE LA ÚLTIMA TRANSACCIÓN | |
| campo de control | 20250919134622.0 |
| 007 - CAMPO FIJO DE DESCRIPCIÓN FÍSICA--INFORMACIÓN GENERAL | |
| campo de control de longitud fija | t| |
| 008 - DATOS DE LONGITUD FIJA--INFORMACIÓN GENERAL | |
| campo de control de longitud fija | 090722c1884 sp a| | 1 ||pa d |
| 080 ## - NÚMERO DE LA CLASIFICACIÓN DECIMAL UNIVERSAL | |
| Número de la Clasificación Decimal Universal | 3 : 061.12(460) |
| 110 2# - ENTRADA PRINCIPAL--NOMBRE DE ENTIDAD CORPORATIVA | |
| Nombre de entidad corporativa o nombre de jurisdicción como elemento de entrada | Real Academia de Ciencias Morales y Políticas (España) |
| 9 (RLIN) | 222050 |
| 245 10 - MENCIÓN DEL TÍTULO | |
| Título | Memorias de la Real Academia de Ciencias Morales y Políticas |
| Fechas predominantes | 1884. |
| 260 ## - PUBLICACIÓN, DISTRIBUCIÓN, ETC. | |
| Lugar de publicación, distribución, etc. | Madrid : |
| Nombre del editor, distribuidor, etc. | [s. n.], |
| Fecha de publicación, distribución, etc. | 1884 ( |
| Fabricante | Tip. Gutenberg) |
| 300 ## - DESCRIPCIÓN FÍSICA | |
| Extensión | 1 v. ; |
| Dimensiones | 26 cm. |
| 505 80 - NOTA DE CONTENIDO CON FORMATO | |
| Nota de contenido con formato | Contiene: T. V : Noticia histórica de la Academia leída el 23 de diciembre de 1883 / Vicente de la Fuente (30 p.). Interés y trascendencia de los estudios políticos / Florencio Rodríguez Vaamonde (p. 31-62). De la conveniencia o inconveniencia de la libertad de comercio (p. 63-90). De la crisis monetaria (p. 91-106). Ventajas e inconvenientes de los privilegios de invención (p. 107-114). De los indultos generales y particulares (p. 115124). Adquisiciones de vienes por la Iglesia / Miguel Sanz (p. 125-130). Del influjo que tuvo la Iglesia en la abolición de la esclavitud (p. 131-148). La contribución territorial en España / José García Barzanallana (p. 149-168). Los nihilistas / Marqués de la Vega de Armijo (p. 169-186). Pensamientos político-religiosos de M. Ernesto J. Renán (p. 187-196). Segundo centenario de D. Pedro Calderón de la Barca / Marqués de Molins (p. 197-230). Una nota acerca de Virgilio / Marchor Salvá (p. 231-240). Congreso de Lausanne / Laureano Figuerola (p. 241-244). Filosofía del trabajo / Laureano Figuerola (p. 245-256). La organización municipal de Londres / José García Barzanallana (p. 257-278). El establecimiento penal de la Nueva Caledonia / José García Barzanallana (p. 279-294). El periodismo en los Estados Unidos / Marqués de la Vega de Armijo (p. 295-320). Establecimiento en Madrid de una casa de educación correccional de jóvenes en 1861 / Marqués de la Vega de Armijo (p. 321-328). Los Toribios de Sevilla / Vicente de la Fuente (p. 329-350). Las adoratrices / Vicente de la Fuente (p. 351-370). Influjo del positivsmo en las ciencias morales y políticas / Manuel Alonso Martínez (p. 371-422). Investigación judicial de la paternidad / Benito Gutiérrez Fernández (p. 423-496). Investigaciones judiciales de la paternidad / Fernando Calderón Collantes (p. 479-526). La cuestión de Egipto y del Canal de Suez / Carlos María Perier (p. 527-586). Canales intermarítimos (p. 587-594). El internacionalismo / Francisco de Cárdenas, Conde de Casa-Valencia (p. 595-608). Las asambleas provinciales en el siglo de Augusto (de MR. N. Duruy) / Melchor Salvá (p. 609-620). El bimetalismo internacional / Melchor Salvá (p. 621-684). |
| 700 1# - ENTRADA AGREGADA--NOMBRE PERSONAL | |
| Nombre de persona | Fuente, Vicente de la, |
| Fechas asociadas al nombre | 1817-1889 |
| 9 (RLIN) | 52857 |
| 700 1# - ENTRADA AGREGADA--NOMBRE PERSONAL | |
| Nombre de persona | Molíns, Mariano Roca de Togores, |
| Títulos y otros términos asociados al nombre | Marqués de, |
| Fechas asociadas al nombre | 1812-1889 |
| 9 (RLIN) | 130033 |
| 700 1# - ENTRADA AGREGADA--NOMBRE PERSONAL | |
| Nombre de persona | Rodríguez Vaamonde, Florencio. |
| 9 (RLIN) | 98847 |
| 700 1# - ENTRADA AGREGADA--NOMBRE PERSONAL | |
| Nombre de persona | Figuerola, Laureano, |
| Fechas asociadas al nombre | 1816-1903 |
| 9 (RLIN) | 50808 |
| 700 1# - ENTRADA AGREGADA--NOMBRE PERSONAL | |
| Nombre de persona | García Barzanallana, José, |
| Fechas asociadas al nombre | 1819-1903 |
| 9 (RLIN) | 54239 |
| 700 1# - ENTRADA AGREGADA--NOMBRE PERSONAL | |
| Nombre de persona | Alonso Martínez, Manuel, |
| Fechas asociadas al nombre | 1827-1891 |
| 9 (RLIN) | 20356 |
| 700 1# - ENTRADA AGREGADA--NOMBRE PERSONAL | |
| Nombre de persona | Aguilar y Correa, Antonio, |
| Títulos y otros términos asociados al nombre | Marqués de la Vega de Armijo, |
| Fechas asociadas al nombre | 1824-1908 |
| 9 (RLIN) | 18751 |
| 700 1# - ENTRADA AGREGADA--NOMBRE PERSONAL | |
| Nombre de persona | Perier, Carlos María. |
| 9 (RLIN) | 131024 |
| 700 1# - ENTRADA AGREGADA--NOMBRE PERSONAL | |
| Nombre de persona | Salvá, Melchor, |
| Fechas asociadas al nombre | 1834-1918 |
| 9 (RLIN) | 102056 |
| 700 1# - ENTRADA AGREGADA--NOMBRE PERSONAL | |
| Nombre de persona | Cárdenas, Francisco de, |
| Fechas asociadas al nombre | 1816-1898 |
| 9 (RLIN) | 35138 |
| 700 1# - ENTRADA AGREGADA--NOMBRE PERSONAL | |
| Nombre de persona | Casa de Valencia, Emilio Alcalá Galiano y Valencia, |
| Títulos y otros términos asociados al nombre | Conde de, |
| Fechas asociadas al nombre | 1831-1914 |
| 9 (RLIN) | 19462 |
| 852 ## - LOCALIZACIÓN | |
| Ubicación | ES-MaACL |
| Número de control de estantería | K-175 |
| Estatus retirado | Estado de pérdida | Estado de daño | No para préstamo | Colección | Biblioteca de origen | Biblioteca actual | Ubicación en estantería | Fecha de adquisición | Total de préstamos | Signatura topográfica completa | Código de barras | Visto por última vez | Precio de reemplazo | Tipo de ítem Koha |
|---|---|---|---|---|---|---|---|---|---|---|---|---|---|---|
| Periódicos y Revistas | Biblioteca del Ateneo de Madrid | Biblioteca del Ateneo de Madrid | Administración | 22/07/2009 | K-175 | 1181113 | 23/02/2023 | 23/02/2023 | Revista |
